Gay Musicians - Statistics

General Stats
  • This quiz has been taken 564 times
  • The average score is 13 of 26
Answer Stats
Hint Answer % Correct
Bohemian Rhapsody | Under Pressure Freddie Mercury
94%
Bad Romance | Born this Way Lady Gaga
94%
Party in the U.S.A. | Wrecking Ball Miley Cyrus
86%
Industry Baby | Old Town Road Lil Nas X
79%
Crocodile Rock | Tiny Dancer Elton John
76%
Careless Whisper | Faith George Michael
74%
I Wanna Dance With Somebody | How Will I Know Whitney Houston
73%
Pink Pony Club | Good Luck, Babe! Chappell Roan
72%
I Like It | WAP Cardi B
65%
Livin' la Vida Loca | Tal Vez Ricky Martin
64%
Karma Chameleon | Miss Me Blind Boy George
62%
Stay With Me | Too Good At Goodbyes Sam Smith
57%
Anxiety | Denial Is a River Doechii
49%
Pink + White | Lost Frank Ocean
45%
American Idiot | When I Come Around Billie Joe Armstrong
42%
I Write Sins Not Tragedies | High Hopes Brendon Urie
32%
See You Again | New Magic Wand Tyler, the Creator
32%
Tutti Frutti | Lucille Little Richard
30%
Suedehead | There Is a Light That Never Goes Out Morrissey
29%
After The Storm | Telepatia Kali Uchis
28%
Losing My Religion | Radio Free Europe Michael Stipe
27%
Sissy That Walk | Call Me Mother RuPaul
23%
Whatya Want From Me | Ghost Town Adam Lambert
14%
Breaking the Law | Painkiller Rob Halford
13%
Strawberries & Cigarettes | Angel Baby Troye Sivan
13%
West End Girls | It's a Sin Neil Tennant
11%
No matching quizzes found
Score Distribution
Percent of People with Each Score
Percentile by Number Answered
Your Score History
You have not taken this quiz